| 000 | 01012nam a22003137a 4500 | ||
|---|---|---|---|
| 001 | 5728 | ||
| 003 | FISKH | ||
| 005 | 20250116162952.0 | ||
| 008 | 250116b cb ||||| |||| 00| 0 eng d | ||
| 020 | _a9781856978118 | ||
| 040 |
_aFISKH _beng _cFISKH _dFISKH |
||
| 050 | _aQB500.B43 | ||
| 082 | _a520 | ||
| 100 | _aBeasant, Pam | ||
| 245 |
_a1000 facts about space / _cby Pam Beasant |
||
| 250 | _aFirst American editon 1992 | ||
| 260 |
_aNew York : _bKingfisher Books ; _c1992. |
||
| 300 |
_a47 pages : _bcolor illustrations ; _c29 cm . |
||
| 490 | _a1000 Facts About | ||
| 505 | _aX | ||
| 520 | _aText and illustrations present information about such space-related topics as gallaxies, stars, the planets, moon landings, and modern astronomy. | ||
| 521 | 8 |
_a870
_bLexile IG |
|
| 521 | 8 |
_aX
_bRaz-Plus |
|
| 650 |
_aOuter space _vJuvenile literature |
||
| 650 |
_aAstromnomy _vJuvenile literature |
||
| 700 |
_aBull, Peter _eillustrator |
||
| 942 |
_2ddc _cBK _n0 |
||
| 999 |
_c5728 _d5728 |
||